War Memory, nationalism and Education in postwar Japan,1945-2007 (Record no. 1317648)

MARC details
000 -LEADER
fixed length control field 00779nam a2200217Ia 4500
005 - DATE AND TIME OF LATEST TRANSACTION
control field 20250507130107.0
008 - FIXED-LENGTH DATA ELEMENTS--GENERAL INFORMATION
fixed length control field 008 250505s9999 xx 000 0 eng d
020 ## - INTERNATIONAL STANDARD BOOK NUMBER
International Standard Book Number 9780415371476
037 ## - SOURCE OF ACQUISITION
Stock number Bound Volumes
040 ## - CATALOGING SOURCE
Original cataloging agency EASL
Language of cataloging eng
Transcribing agency EASL
041 ## - LANGUAGE CODE
Language code of text/sound track or separate title eng
Source of code eng
084 ## - COLON CLASSIFICATION NUMBER
Classification number T:3(V).42, P8
Assigning agency EASL
100 ## - MAIN ENTRY--PERSONAL NAME
Personal name Nozaki Yoshiko Au.
9 (RLIN) 665154
245 #0 - TITLE STATEMENT
Title War Memory, nationalism and Education in postwar Japan,1945-2007
260 ## - PUBLICATION, DISTRIBUTION, ETC.
Place of publication, distribution, etc. UK
Name of publisher, distributor, etc. Routledge first published
Date of publication, distribution, etc. 2008
300 ## - PHYSICAL DESCRIPTION
Extent xviii,198P.
490 ## - SERIES STATEMENT
Volume/sequential designation JEL
650 ## - SUBJECT ADDED ENTRY--TOPICAL TERM
Topical term or geographic name entry element Japan - history - textbooks; Ienaga saburo; Japan - history - study and teaching; Education and state - Japan; Textbooks - Censorship - Japan; JEL
9 (RLIN) 754966
942 ## - ADDED ENTRY ELEMENTS (KOHA)
Koha item type Periodicals
Classification part T:3(V).42, P8

No items available.

Copyright @ Delhi University Library System